Statistiques concernant Devinez le Pays Mystère #10

Cliquez ici pour prendre le quiz!

Statistiques générales

  • Ce quiz a été pris 1 109 fois
  • Le résultat moyen est 8 sur 17

Statistiques - réponses

Type de RéponseRéponse% Correct
Lettre TrouvéeA
96%
Lettre TrouvéeI
93%
Lettre TrouvéeR
86%
Lettre TrouvéeT
73%
Lettre TrouvéeB
68%
Lettre Bien PlacéeR
67%
Lettre Bien PlacéeI
57%
Lettre TrouvéeI
57%
Lettre Bien PlacéeA
36%
Lettre Bien PlacéeI
36%
Lettre TrouvéeK
35%
Lettre Bien PlacéeI
25%
Lettre Bien PlacéeT
24%
Lettre Bien PlacéeB
23%
Lettre TrouvéeI
23%
Lettre Bien PlacéeK
23%
Pays MystèreKiribati
23%

Distribution des résultats

Percentile par nombre de réponses

% des personnes avec chaque résultat

Votre développement - résultats

Vous n’avez pas pris ce quiz